[Event "Bunratty Masters op"]
[Site "Bunratty"]
[Date "2001.02.18"]
[Round "6"]
[White "Clarke, Thomas M"]
[Black "O'Siochru, Mairead Maura"]
[Result "1/2-1/2"]
[WhiteElo "2170"]
[BlackElo "2050"]
[PlyCount "43"]
[EventDate "2001.02.19"]
[EventType "swiss"]
[EventRounds "6"]
[EventCountry "IRL"]
[SourceTitle "CBM 080 Extra"]
[Source "ChessBase"]
[SourceDate "2001.03.08"]
[SourceVersion "1"]
[SourceVersionDate "2001.03.08"]
[SourceQuality "1"]

1. d4 d5 2. Bg5 Nf6 3. Bxf6 exf6 4. e3 Bf5 5. Nf3 Bd6 6. c4 dxc4 7. Nc3 c6 8. Bxc4 0-0 9. h3 Qe7 10. g4 Be6 11. Bd3 Nd7 12. Qc2 g6 13. 0-0-0 Nb6 14. Rdg1 Nd5 15. Nxd5 Bxd5 16. e4 Bf4+ 17. Kb1 Be6 18. h4 Qd7 19. h5 Bxg4 20. hxg6 fxg6 21. e5 f5 22. Qc4+ 1/2-1/2

[Event "Bunratty Masters op"]
[Site "Bunratty"]
[Date "2001.02.16"]
[Round "1"]
[White "McMahon, Daire"]
[Black "O'Siochru, Mairead Maura"]
[Result "1-0"]
[WhiteElo "2240"]
[BlackElo "2050"]
[PlyCount "35"]
[EventDate "2001.02.19"]
[EventType "swiss"]
[EventRounds "6"]
[EventCountry "IRL"]
[SourceTitle "CBM 080 Extra"]
[Source "ChessBase"]
[SourceDate "2001.03.08"]
[SourceVersion "1"]
[SourceVersionDate "2001.03.08"]
[SourceQuality "1"]

1. d4 d5 2. Nf3 Nf6 3. c4 c6 4. e3 Bf5 5. Nc3 e6 6. Be2 Be7 7. Nh4 Bg6 8. Nxg6 hxg6 9. Qc2 Nbd7 10. Bd2 Qc7 11. g3 Rc8 12. 0-0 e5 13. cxd5 cxd5 14. Qb3 Nb6 15. Rfc1 Nc4 16. Nxd5 Qd7 17. Nxf6+ gxf6 18. Bxc4 1-0

[Event "Olympiad Women-34"]
[Site "Istanbul"]
[Date "2000.10.29"]
[Round "2.2"]
[White "Puuska, Heini"]
[Black "O'Siochru, Mairead Maura"]
[Result "1-0"]
[WhiteElo "2023"]
[BlackElo "2045"]
[PlyCount "71"]
[EventDate "2000.10.28"]
[EventType "team-swiss"]
[EventRounds "14"]
[EventCountry "TUR"]
[SourceTitle "EXT 2001"]
[Source "ChessBase"]
[SourceDate "2000.11.22"]
[SourceVersion "1"]
[SourceVersionDate "2000.11.22"]
[SourceQuality "1"]
[WhiteTeam "Finland (W)"]
[BlackTeam "Ireland (W)"]
[WhiteTeamCountry "FIN"]
[BlackTeamCountry "IRL"]

1. d4 d5 2. Bg5 Nf6 3. Nd2 h6 4. Bh4 Bf5 5. e3 e6 6. c4 Be7 7. Ngf3 Nbd7 8. Be2 0-0 9. 0-0 c6 10. a3 Ne4 11. Bxe7 Qxe7 12. Nxe4 dxe4 13. Nd2 Qg5 14. Kh1 Nf6 15. Qb3 Rab8 16. f3 exf3 17. gxf3 Bh7 18. Rg1 Qa5 19. Rad1 b5 20. c5 Rbd8 21. Bd3 Bxd3 22. Qxd3 e5 23. Qf5 Ne8 24. Qxe5 Rd5 25. Qf4 Rh5 26. Ne4 Qd8 27. Rg2 f5 28. Ng3 Rh4 29. Qe5 Qf6 30. Qxf6 Rxf6 31. e4 fxe4 32. fxe4 Kh7 33. d5 Nc7 34. Nf5 Rxf5 35. exf5 Nxd5 36. Rdg1 1-0

[Event "BCF-chT 9697 (4NCL)"]
[Site "England"]
[Date "1997.02.22"]
[Round "7.8"]
[White "Bellin, Jana"]
[Black "O'Siochru, Mairead Maura"]
[Result "1-0"]
[WhiteElo "2215"]
[BlackElo "1880"]
[PlyCount "78"]
[EventDate "1996.10.??"]
[EventType "team"]
[EventRounds "12"]
[EventCountry "ENG"]
[SourceTitle "EXT 1999"]
[Source "ChessBase"]
[SourceDate "1998.11.16"]
[SourceVersion "1"]
[SourceVersionDate "1998.11.16"]
[SourceQuality "1"]
[WhiteTeam "BCM"]
[BlackTeam "Na Fianna"]
[WhiteTeamCountry "ENG"]
[BlackTeamCountry "ENG"]

1. d4 d5 2. Nf3 Nf6 3. c4 c6 4. cxd5 cxd5 5. Nc3 e6 6. Bf4 Be7 7. e3 a6 8. Bd3 Nc6 9. h3 b5 10. 0-0 0-0 11. Rc1 Bb7 12. Ne5 Rc8 13. Bb1 Re8 14. Qd3 Nb4 15. Qe2 Bf8 16. Qf3 Qe7 17. Bg5 h6 18. Bh4 g5 19. Bg3 Bg7 20. h4 Ne4 21. Nxe4 dxe4 22. Qh5 Bd5 23. hxg5 hxg5 24. f3 Rxc1 25. Rxc1 Bxa2 26. Bxe4 Nd5 27. Qh7+ Kf8 28. Bxd5 Bxd5 29. Rc7 Qxc7 30. Ng6+ fxg6 31. Bxc7 Kf7 32. Be5 Rg8 33. Kf2 a5 34. e4 Bc4 35. Kg3 a4 36. Kg4 b4 37. Kxg5 a3 38. bxa3 bxa3 39. Qxg6+ Kf8 1-0

[Event "BCF-chT 9697 (4NCL)"]
[Site "England"]
[Date "1997.??.??"]
[Round "9.7"]
[White "Galloway, Iain"]
[Black "O'Siochru, Mairead Maura"]
[Result "0-1"]
[WhiteElo "2135"]
[BlackElo "1880"]
[PlyCount "90"]
[EventDate "1996.10.??"]
[EventType "team"]
[EventRounds "12"]
[EventCountry "ENG"]
[SourceTitle "EXT 1999"]
[Source "ChessBase"]
[SourceDate "1998.11.16"]
[SourceVersion "1"]
[SourceVersionDate "1998.11.16"]
[SourceQuality "1"]
[WhiteTeam "Richmond"]
[BlackTeam "Na Fianna"]
[WhiteTeamCountry "ENG"]
[BlackTeamCountry "ENG"]

1. e4 c6 2. d4 d5 3. e5 Bf5 4. Ne2 e6 5. Ng3 Bg6 6. Nd2 c5 7. h4 h6 8. h5 Bh7 9. c3 Nc6 10. Qb3 Qb6 11. dxc5 Bxc5 12. Qxb6 Bxb6 13. f4 Nge7 14. Nf3 0-0 15. b4 a6 16. Ke2 d4 17. Bd2 Rfd8 18. c4 d3+ 19. Ke1 Nd4 20. Nxd4 Bxd4 21. Rb1 Rac8 22. c5 b6 23. cxb6 Bxb6 24. Rc1 Rxc1+ 25. Bxc1 Nd5 26. Bd2 Ne3 27. Rh3 Nc2+ 28. Kd1 Be3 29. f5 Bxd2 30. Kxd2 Nxb4 31. Rh4 Nc6 32. Ra4 Nxe5 33. fxe6 fxe6 34. Rxa6 Nc4+ 35. Kd1 Rb8 36. Ke1 Rb1+ 37. Kf2 e5 38. Rc6 Nd2 39. Rc8+ Kf7 40. Rh8 Nxf1 41. Nxf1 Be4 42. g4 Rb2+ 43. Ke1 Bf3 44. Rd8 Re2+ 45. Kd1 Rxa2+ 0-1

[Event "BCF-chT 9697 (4NCL)"]
[Site "England"]
[Date "1997.??.??"]
[Round "10.7"]
[White "O'Siochru, Mairead Maura"]
[Black "Noyce, Robert"]
[Result "1/2-1/2"]
[WhiteElo "1880"]
[BlackElo "2205"]
[PlyCount "60"]
[EventDate "1996.10.??"]
[EventType "team"]
[EventRounds "12"]
[EventCountry "ENG"]
[SourceTitle "EXT 1999"]
[Source "ChessBase"]
[SourceDate "1998.11.16"]
[SourceVersion "1"]
[SourceVersionDate "1998.11.16"]
[SourceQuality "1"]
[WhiteTeam "Na Fianna"]
[BlackTeam "Wessex"]
[WhiteTeamCountry "ENG"]
[BlackTeamCountry "ENG"]

1. c4 Nf6 2. Nc3 g6 3. g3 Bg7 4. Bg2 d6 5. Nf3 0-0 6. 0-0 c6 7. d3 e5 8. e4 Ne8 9. b4 f5 10. Rb1 f4 11. d4 exd4 12. Ne2 fxg3 13. fxg3 c5 14. bxc5 dxc5 15. Ba3 Na6 16. Qd3 Nd6 17. Nd2 Rxf1+ 18. Rxf1 Be6 19. Nf4 Bf7 20. Re1 Be5 21. Nd5 Rb8 22. Nf3 Qe8 23. Rf1 Bg7 24. Ng5 Bxd5 25. cxd5 b5 26. Ne6 c4 27. Nxg7 cxd3 28. Nxe8 Nxe8 29. Bh3 Ng7 30. Bd6 Rd8 1/2-1/2

[Event "BCF-chT 9697 (4NCL)"]
[Site "England"]
[Date "1997.??.??"]
[Round "11.8"]
[White "Turvey Cross, Syringa"]
[Black "O'Siochru, Mairead Maura"]
[Result "0-1"]
[WhiteElo "1624"]
[BlackElo "1880"]
[PlyCount "112"]
[EventDate "1996.10.??"]
[EventType "team"]
[EventRounds "12"]
[EventCountry "ENG"]
[SourceTitle "EXT 1999"]
[Source "ChessBase"]
[SourceDate "1998.11.16"]
[SourceVersion "1"]
[SourceVersionDate "1998.11.16"]
[SourceQuality "1"]
[WhiteTeam "Croydon"]
[BlackTeam "Na Fianna"]
[WhiteTeamCountry "ENG"]
[BlackTeamCountry "ENG"]

1. e4 c6 2. d4 d5 3. Nc3 dxe4 4. Nxe4 Bf5 5. Ng3 Bg6 6. Nf3 Nd7 7. h4 h6 8. h5 Bh7 9. Bd3 Bxd3 10. Qxd3 Qc7 11. c4 e6 12. 0-0 0-0-0 13. Be3 Ngf6 14. Qc2 Bd6 15. Ne4 Nxe4 16. Qxe4 Nf6 17. Qh4 Qa5 18. c5 Bb8 19. Ne5 Bxe5 20. dxe5 Nd5 21. Bd4 Qd2 22. Rfd1 Qf4 23. Qh3 Qg5 24. g4 Rd7 25. Qf3 Rhd8 26. a3 Qf4 27. Qe2 g6 28. b4 gxh5 29. gxh5 Qg5+ 30. Kf1 Nf4 31. Qe4 Nxh5 32. Ra2 Qf4 33. Qxf4 Nxf4 34. Rad2 Nd5 35. f3 Rh8 36. Bf2 Rdd8 37. Kg2 Rdg8+ 38. Kh3 Rg5 39. Bg3 Rhg8 40. Rg1 Rh5+ 41. Kg2 Rxe5 42. Kf2 Reg5 43. Rd4 f5 44. Rh4 R5g6 45. Bh2 Rxg1 46. Bxg1 Rg6 47. Bh2 Kd7 48. Bd6 Ke8 49. Bb8 a6 50. Be5 Kf7 51. Ke2 Rg2+ 52. Kd3 Kg6 53. a4 Ra2 54. b5 axb5 55. axb5 Ra3+ 56. Ke2 Re3+ 0-1

[Event "Olympiad Women-32"]
[Site "Yerevan"]
[Date "1996.??.??"]
[Round "10"]
[White "Guindy, Esmat Susanne"]
[Black "O'Siochru, Mairead Maura"]
[Result "1-0"]
[WhiteElo "2095"]
[BlackElo "2045"]
[PlyCount "101"]
[EventDate "1996.09.15"]
[EventType "team-swiss"]
[EventRounds "14"]
[EventCountry "ARM"]
[SourceTitle "EXT 1997"]
[Source "ChessBase"]
[SourceDate "1996.11.15"]
[SourceVersion "1"]
[SourceVersionDate "1996.11.15"]
[SourceQuality "1"]

1. d4 Nf6 2. c4 e6 3. Nc3 Bb4 4. e3 c5 5. Nge2 d5 6. a3 Bxc3+ 7. Nxc3 cxd4 8. exd4 dxc4 9. Bxc4 Nc6 10. Be3 0-0 11. 0-0 b6 12. Qf3 Bb7 13. Bd3 Rb8 14. Qg3 Ne7 15. Rfd1 Ng6 16. Bg5 h6 17. Be3 Nh5 18. Qg4 Qh4 19. Qxh4 Nxh4 20. f3 Rbd8 21. Bf2 Ng6 22. Bxg6 fxg6 23. Re1 Nf4 24. Rad1 Kf7 25. Bg3 Nd5 26. Nb5 Ke7 27. Nxa7 Rf5 28. Rc1 Kd7 29. Nb5 Ke7 30. Nc7 Nxc7 31. Rxc7+ Rd7 32. Rec1 Rfd5 33. Be5 Kf7 34. Kf2 g5 35. b4 Kg6 36. b5 Kf7 37. Rxd7+ Rxd7 38. Rc7 Rxc7 39. Bxc7 Ke7 40. Bxb6 Kd6 41. Ke3 g4 42. a4 gxf3 43. gxf3 e5 44. a5 exd4+ 45. Bxd4 Bd5 46. Bxg7 h5 47. f4 Bc4 48. b6 Ba6 49. f5 Bc8 50. f6 Ke6 51. Kd4 1-0

[Event "Olympiad Women-32"]
[Site "Yerevan"]
[Date "1996.??.??"]
[Round "2"]
[White "O'Siochru, Mairead Maura"]
[Black "Fierro Baquero, Martha Lorena"]
[Result "0-1"]
[WhiteElo "2045"]
[BlackElo "2200"]
[PlyCount "40"]
[EventDate "1996.09.15"]
[EventType "team-swiss"]
[EventRounds "14"]
[EventCountry "ARM"]
[SourceTitle "EXT 1997"]
[Source "ChessBase"]
[SourceDate "1996.11.15"]
[SourceVersion "1"]
[SourceVersionDate "1996.11.15"]
[SourceQuality "1"]

1. c4 g6 2. Nc3 Bg7 3. g3 d6 4. Bg2 e5 5. e4 Be6 6. b3 Qd7 7. Nge2 Bh3 8. 0-0 h5 9. f4 Ne7 10. Qe1 Nbc6 11. Ba3 h4 12. gxh4 Bxg2 13. Kxg2 Bf6 14. Rd1 Rxh4 15. Rf3 0-0-0 16. Nd5 Nxd5 17. cxd5 exf4 18. h3 Ne5 19. Nxf4 Nxf3 20. Kxf3 Bg5 0-1

[Event "Olympiad Women-32"]
[Site "Yerevan"]
[Date "1996.??.??"]
[Round "11"]
[White "O'Siochru, Mairead Maura"]
[Black "Hernandez Guerrero, Yadira"]
[Result "0-1"]
[WhiteElo "2045"]
[BlackElo "2240"]
[PlyCount "96"]
[EventDate "1996.09.15"]
[EventType "team-swiss"]
[EventRounds "14"]
[EventCountry "ARM"]
[SourceTitle "EXT 1997"]
[Source "ChessBase"]
[SourceDate "1996.11.15"]
[SourceVersion "1"]
[SourceVersionDate "1996.11.15"]
[SourceQuality "1"]

1. c4 g6 2. Nc3 Bg7 3. g3 e5 4. Bg2 d6 5. Nf3 Nc6 6. d3 Nh6 7. Nd5 Nf5 8. Bg5 f6 9. Bd2 Be6 10. Bc3 Qd7 11. Nd2 h5 12. h3 0-0 13. b4 Nd8 14. b5 c6 15. bxc6 bxc6 16. Nb4 Ne7 17. Ne4 a5 18. Nc2 Nf7 19. Bd2 f5 20. Ng5 Nxg5 21. Bxg5 d5 22. Bxe7 Qxe7 23. cxd5 cxd5 24. 0-0 f4 25. Qd2 g5 26. Rab1 g4 27. h4 f3 28. Bh1 Rac8 29. exf3 gxf3 30. Rfd1 Qc5 31. Rbc1 Qe7 32. Ne1 e4 33. dxe4 dxe4 34. Qe3 Rxc1 35. Rxc1 Bg4 36. Rc4 Re8 37. Nc2 Qe5 38. Rc5 Qd6 39. Kh2 a4 40. Rc4 Qd3 41. Rc7 Qxe3 42. Nxe3 Rd8 43. Rc4 Rd4 44. Rc2 Be6 45. Rc5 Rd2 46. Kg1 Bd4 47. Rxh5 Bxe3 48. fxe3 Bh3 0-1

[Event "4NCL 9495 2nd Season"]
[Site "England"]
[Date "1995.03.19"]
[Round "10.8"]
[White "O'Siochru, Mairead Maura"]
[Black "Seymour, Jane F"]
[Result "1/2-1/2"]
[WhiteElo "2045"]
[BlackElo "2040"]
[PlyCount "21"]
[EventDate "1994.10.01"]
[EventType "team-tourn"]
[EventRounds "11"]
[EventCountry "GBR"]
[SourceTitle "EXT 2022"]
[Source "ChessBase"]
[SourceDate "2021.10.06"]
[SourceVersion "1"]
[SourceVersionDate "2021.10.06"]
[SourceQuality "1"]
[WhiteTeam "Na Fianna"]
[BlackTeam "Barbican"]
[WhiteTeamCountry "IRL"]
[BlackTeamCountry "ENG"]

1. c4 Nf6 2. Nc3 e6 3. g3 d5 4. cxd5 exd5 5. d4 c6 6. Bg2 Bf5 7. Nf3 h6 8. 0-0 Bd6 9. Nd2 0-0 10. e4 dxe4 11. Ndxe4 1/2-1/2

[Event "Isle of Man op"]
[Site "Isle of Man"]
[Date "1995.??.??"]
[Round "6"]
[White "O'Siochru, Mairead Maura"]
[Black "Bisby, Daniel L"]
[Result "0-1"]
[WhiteElo "2045"]
[BlackElo "2120"]
[PlyCount "62"]
[EventDate "1995.10.??"]
[EventType "swiss"]
[EventRounds "9"]
[EventCountry "IOM"]
[SourceTitle "EXT 1998"]
[Source "ChessBase"]
[SourceDate "1997.11.17"]
[SourceVersion "1"]
[SourceVersionDate "1997.11.17"]
[SourceQuality "1"]

1. c4 c6 2. Nc3 d5 3. cxd5 cxd5 4. d4 Nc6 5. Nf3 Nf6 6. g3 Bf5 7. Bg2 h6 8. 0-0 e6 9. a3 Bd6 10. Qb3 a6 11. Be3 0-0 12. Qa2 Qe7 13. b4 Rfc8 14. Rfc1 b6 15. Qd2 a5 16. Na4 Qb7 17. b5 Na7 18. Nc3 Qe7 19. Qb2 Ne8 20. Ne5 Rab8 21. Na4 Rxc1+ 22. Bxc1 Rc8 23. Nxb6 Rc2 24. Qb3 Qc7 25. Nc6 Nxb5 26. Qxb5 Rxc6 27. Nc4 Qc8 28. Nxa5 Rxc1+ 29. Rxc1 Qxc1+ 30. Bf1 Bh3 31. e3 Qxf1+ 0-1

[Event "Olympiad Women-31"]
[Site "Moscow"]
[Date "1994.12.10"]
[Round "9"]
[White "O'Siochru, Mairead Maura"]
[Black "Santos, Christine"]
[Result "1-0"]
[WhiteElo "2060"]
[BlackElo "2005"]
[PlyCount "117"]
[EventDate "1994.12.01"]
[EventType "team-swiss"]
[EventRounds "14"]
[EventCountry "RUS"]
[SourceTitle "EXT 2019"]
[Source "ChessBase"]
[SourceDate "2018.10.10"]
[SourceVersion "1"]
[SourceVersionDate "2018.10.10"]
[SourceQuality "1"]
[WhiteTeam "Ireland (W)"]
[BlackTeam "Philippines (W)"]
[WhiteTeamCountry "IRL"]
[BlackTeamCountry "PHI"]

1. c4 Nf6 2. Nc3 e6 3. e4 d6 4. g3 Nbd7 5. Bg2 c5 6. Nge2 Be7 7. 0-0 Rb8 8. Rb1 b6 9. a3 a6 10. b4 cxb4 11. axb4 Qc7 12. d3 0-0 13. Bb2 Bb7 14. Qb3 Rfd8 15. Rfd1 Nf8 16. Rbc1 Qd7 17. Nd4 d5 18. cxd5 exd5 19. Nf5 Ng6 20. Nxe7+ Nxe7 21. Ne2 dxe4 22. Bxf6 gxf6 23. dxe4 Qe6 24. Rxd8+ Rxd8 25. Qxe6 fxe6 26. Rc7 Rd1+ 27. Bf1 Bxe4 28. Rxe7 Bf5 29. Nf4 e5 30. Ng2 Rb1 31. Ne3 Bd3 32. Re6 Bxf1 33. Nxf1 Rxb4 34. Rxf6 a5 35. Rc6 a4 36. Rc3 Rb5 37. Ne3 Ra5 38. Ra3 b5 39. Nc2 Kf7 40. Kf1 Ra8 41. Ke2 Ke6 42. Nb4 Kd6 43. Kd2 Kc5 44. Nd3+ Kd4 45. f3 Rf8 46. Nb2 Ra8 47. Nd3 Rc8 48. Nb4 Rf8 49. Re3 Rf6 50. Re4+ Kc5 51. Nd3+ Kb6 52. Nxe5 Ka5 53. Kc2 b4 54. Kb2 Kb5 55. f4 Ra6 56. Nd3 a3+ 57. Ka1 b3 58. Rb4+ Kc6 59. Rxb3 1-0

[Event "Olympiad Women-31"]
[Site "Moscow"]
[Date "1994.12.04"]
[Round "4"]
[White "O'Siochru, Mairead Maura"]
[Black "Sekulovska, Vesna"]
[Result "0-1"]
[WhiteElo "2060"]
[BlackElo "2055"]
[PlyCount "61"]
[EventDate "1994.12.01"]
[EventType "team-swiss"]
[EventRounds "14"]
[EventCountry "RUS"]
[SourceTitle "EXT 2019"]
[Source "ChessBase"]
[SourceDate "2018.10.10"]
[SourceVersion "1"]
[SourceVersionDate "2018.10.10"]
[SourceQuality "1"]
[WhiteTeam "Ireland (W)"]
[BlackTeam "Macedonia (W)"]
[WhiteTeamCountry "IRL"]
[BlackTeamCountry "MKD"]

1. c4 e5 2. Nc3 Nf6 3. g3 c6 4. Bg2 d5 5. cxd5 cxd5 6. d4 exd4 7. Qxd4 Nc6 8. Qd1 Be6 9. Bg5 d4 10. Ne4 Bb4+ 11. Bd2 Be7 12. Nxf6+ Bxf6 13. Nf3 0-0 14. 0-0 Qb6 15. Bg5 Bxg5 16. Nxg5 Bf5 17. Qd2 Rad8 18. Qf4 Bg6 19. b3 Nb4 20. Ne4 Nd5 21. Qc1 Rfe8 22. Nc5 Nc3 23. Na4 Nxe2+ 24. Kh1 Qf6 25. Qc7 d3 26. Rad1 b5 27. Nc5 Rc8 28. Qd7 Red8 29. Qxb5 Nc3 30. Qb4 Nxd1 31. Rxd1 0-1

[Event "4NCL 9495 2nd Season"]
[Site "England"]
[Date "1994.11.27"]
[Round "4.7"]
[White "O'Siochru, Mairead Maura"]
[Black "Harakis, Alexis"]
[Result "0-1"]
[WhiteElo "2045"]
[BlackElo "2170"]
[PlyCount "76"]
[EventDate "1994.10.01"]
[EventType "team-tourn"]
[EventRounds "11"]
[EventCountry "GBR"]
[SourceTitle "EXT 2022"]
[Source "ChessBase"]
[SourceDate "2021.10.06"]
[SourceVersion "1"]
[SourceVersionDate "2021.10.06"]
[SourceQuality "1"]
[WhiteTeam "Na Fianna"]
[BlackTeam "Invicta Knights Maidstone"]
[WhiteTeamCountry "IRL"]
[BlackTeamCountry "ENG"]

1. c4 e6 2. Nc3 d5 3. cxd5 exd5 4. d4 c6 5. Nf3 Bd6 6. Bg5 Ne7 7. e3 Qc7 8. Rc1 Ng6 9. Nb5 Bb4+ 10. Nd2 Qd7 11. Nc3 h6 12. Bf4 Nxf4 13. exf4 Qf5 14. Qf3 Bd6 15. Bd3 Qe6+ 16. Qe2 Qxe2+ 17. Nxe2 Nd7 18. 0-0 g5 19. Rfe1 Kf8 20. f5 Nf6 21. Nc3 Bd7 22. Nf3 Re8 23. Rxe8+ Bxe8 24. Ne5 Nd7 25. Re1 Kg7 26. a3 h5 27. b4 Kf6 28. Nf3 g4 29. Nd2 a5 30. Rb1 axb4 31. axb4 b5 32. Ne2 Nb6 33. Nf1 Bd7 34. Ne3 Ra8 35. Bc2 Nc4 36. Nxc4 dxc4 37. Ng3 Bxg3 38. fxg3 Ra2 0-1

[Event "4NCL 9495 2nd Season"]
[Site "England"]
[Date "1994.10.01"]
[Round "1.7"]
[White "Baker, Chris W"]
[Black "O'Siochru, Mairead Maura"]
[Result "1-0"]
[WhiteElo "2260"]
[BlackElo "2045"]
[PlyCount "72"]
[EventDate "1994.10.01"]
[EventType "team-tourn"]
[EventRounds "11"]
[EventCountry "GBR"]
[SourceTitle "EXT 2022"]
[Source "ChessBase"]
[SourceDate "2021.10.06"]
[SourceVersion "1"]
[SourceVersionDate "2021.10.06"]
[SourceQuality "1"]
[WhiteTeam "Midland Monarchs"]
[BlackTeam "Na Fianna"]
[WhiteTeamCountry "ENG"]
[BlackTeamCountry "IRL"]

1. e4 e5 2. Nf3 d6 3. d4 Nf6 4. Nc3 Nbd7 5. Bc4 Be7 6. 0-0 0-0 7. a4 b6 8. a5 a6 9. axb6 cxb6 10. Qe2 a5 11. Rd1 Qc7 12. Nb5 Qb8 13. Nh4 Ne8 14. Nf5 Bd8 15. Ra3 Bb7 16. Rg3 Ndf6 17. dxe5 dxe5 18. Nh6+ Kh8 19. Nxf7+ Rxf7 20. Bxf7 Be7 21. Bg5 Ba6 22. c4 Bxb5 23. cxb5 Nd6 24. Bd5 Ra7 25. Bc6 Nde8 26. Qc4 Bc5 27. Bxf6 Nxf6 28. Rgd3 Bd4 29. Rxd4 exd4 30. Qxd4 h6 31. e5 Ng8 32. Qd8 Qxd8 33. Rxd8 Kh7 34. Be4+ g6 35. Rd6 Ne7 36. h4 Rc7 1-0

[Event "Lloyds Bank op 18th"]
[Site "London"]
[Date "1994.??.??"]
[Round "2"]
[White "Bhatia, Kanwal K"]
[Black "O'Siochru, Mairead Maura"]
[Result "0-1"]
[WhiteElo "2225"]
[BlackElo "2060"]
[PlyCount "100"]
[EventDate "1994.08.??"]
[EventType "swiss"]
[EventRounds "10"]
[EventCountry "ENG"]
[SourceTitle "EXT 2000"]
[Source "ChessBase"]
[SourceDate "1999.11.16"]
[SourceVersion "1"]
[SourceVersionDate "1999.11.16"]
[SourceQuality "1"]

1. e4 e5 2. Nf3 d6 3. Bc4 Be7 4. Nc3 Nf6 5. d4 Nbd7 6. 0-0 0-0 7. Be3 c6 8. a4 b6 9. Qd3 a6 10. Nd2 Ng4 11. f4 Nxe3 12. Qxe3 exd4 13. Qxd4 d5 14. Qd3 Bc5+ 15. Kh1 dxc4 16. Nxc4 Nf6 17. Qg3 Nh5 18. Qf3 Qh4 19. f5 Nf6 20. e5 Ng4 21. h3 Nf2+ 22. Kh2 Qxc4 23. Rxf2 Bxf2 24. Qxf2 g5 25. g3 Qc5 26. Qf3 Qxe5 27. f6 Qf5 28. Qe3 Qxf6 29. Ne4 Qf5 30. Kg1 f6 31. Rf1 Qg6 32. Qd4 Bf5 33. Nd6 Bxh3 34. Rf2 Rad8 35. Qc4+ Kg7 36. Qxc6 f5 37. Qc7+ Kh6 38. Nxf5+ Rxf5 39. Qxd8 Rxf2 40. Kxf2 Qxc2+ 41. Ke3 Qc5+ 42. Kf3 Qf5+ 43. Ke3 Qe6+ 44. Kd2 Qd7+ 45. Qxd7 Bxd7 46. b3 Kg6 47. Ke3 Kf5 48. Ke2 Ke4 49. Kf2 Kd3 50. Kf3 h5 0-1

[Event "Olympiad Women-30"]
[Site "Manila"]
[Date "1992.06.11"]
[Round "4"]
[White "O'Siochru, Mairead Maura"]
[Black "Flear, Christine"]
[Result "1/2-1/2"]
[WhiteElo "2100"]
[BlackElo "2210"]
[PlyCount "31"]
[EventDate "1992.06.07"]
[EventType "team-swiss"]
[EventRounds "14"]
[EventCountry "PHI"]
[SourceTitle "EXT 2019"]
[Source "ChessBase"]
[SourceDate "2018.10.10"]
[SourceVersion "1"]
[SourceVersionDate "2018.10.10"]
[SourceQuality "1"]
[WhiteTeam "Ireland (W)"]
[BlackTeam "France (W)"]
[WhiteTeamCountry "IRL"]
[BlackTeamCountry "FRA"]

1. c4 e6 2. Nf3 d5 3. b3 Be7 4. Bb2 Nf6 5. g3 0-0 6. Bg2 Nbd7 7. 0-0 b6 8. Nc3 Bb7 9. cxd5 exd5 10. d4 c5 11. e3 Ba6 12. Re1 Rc8 13. Rc1 Re8 14. Nh4 Bb7 15. Nf5 cxd4 16. exd4 1/2-1/2